|
|
|
|
| LEADER |
00764nta a2200205 i 4500 |
| 001 |
dokt7876 |
| 005 |
20221011101930.0 |
| 008 |
221011s1977 hu om 0|| hun d |
| 040 |
|
|
|a SZTE Doktori Repozitórium
|b hun
|
| 041 |
|
|
|a hun
|
| 100 |
1 |
|
|a Mindszenty László
|
| 245 |
1 |
0 |
|a Néhány foszfátészter peszticid szintézise és szöveti oxidatív anyagcserére gyakorolt hatásának vizsgálata
|h [elektronikus dokumentum] /
|c Mindszenty László
|
| 260 |
|
|
|c 1977
|
| 502 |
|
|
|a Disszertacio
|
| 650 |
|
4 |
|a kémiai tudományok
|
| 650 |
|
4 |
|a Természettudományok
|
| 650 |
|
4 |
|a Kémiai tudományok
|
| 695 |
|
|
|a Izotópdiagnosztika
|
| 700 |
1 |
|
|a Zsoldos Tibor
|e ths
|
| 856 |
4 |
0 |
|u https://doktori.bibl.u-szeged.hu/id/eprint/7876/1/1977_mindszenty_laszlo.pdf
|z Dokumentum-elérés
|